Dél-Zempléni változások a töketerebesi jarás hetilapja

Bibliographic Details
New Title:Zempléni változások
Previous Title:Zempléni szó
Format: Newspaper
Language:Hungarian
PhysicalDescription:1 zv. 30 cm
Published: Trebišov ONV Trebišov 1990
Subjects:

MARC

LEADER 00000cas a2200000 a 4500
001 vtls010211043
003 SK-MaSNL
005 20260228161157.0
008 110214d19901990xo wr n 0 b0hun
040 |a SVKBB  |b slo  |c SVKBB  |d SNK  |e AACR2 
041 0 |a hun 
043 |a e-xo--- 
044 |a xo  |c SK 
072 7 |a 316.7  |x Sociológia kultúry. Kultúrny život  |2 konspekt 
072 7 |a 394  |x Verejný a spoločenský život. Každodenný život  |2 konspekt 
072 7 |a 352/354  |x Stupne miestnej, oblastnej a ústrednej správy  |2 konspekt 
080 |a 316.728  |2 2011 
080 |a (051)+(054)(437.6)  |2 2011 
080 |a 394  |2 2011 
080 |a 353.9  |2 2011 
080 |a (437.672)  |2 2011 
245 0 0 |a Dél-Zempléni változások  |b a töketerebesi jarás hetilapja 
260 |a Trebišov  |b ONV Trebišov  |c 1990 
300 |a 1 zv.  |c 30 cm 
310 |a 1x týždenne 
362 0 |a Évf. 31 (3. jan. 1990)-évf. 31, sz. 50/51 (19. dec. 1990)  |z OSZK/2016 
650 0 7 |a každodenný život  |2 SNKPH  |9 4946 
650 0 7 |a územná samospráva  |2 SNKPH  |9 802 
651 7 |a Zemplín (Slovensko : región)  |2 SNKPHgeo  |9 16697 
655 7 |a regionálne periodiká  |2 SNKPH  |9 131775 
780 0 0 |t Zempléni szó  |w vtls010211093 
785 0 0 |t Zempléni változások  |w vtls001395710 
910 |a snk 
958 |a OND 
999 |c 4570  |d 6500 
952 |0 0  |1 0  |4 0  |7 0  |a SNK  |b SNK  |d 2000-09-08  |l 0  |o snkČSA 902/31/1990  |p 17A0250280  |r 2005-01-02 00:00:00  |t č. 1-51  |w 2026-02-21  |y PREZ